000 00699nmm a2200217Ia 4500
008 251105s9999||||xx |||||||||||||||||und||
020 _a9788437096247
041 _aspa
100 _aClavería Nadal, Gloria
245 0 _aLeer casi lo mismo :
_b La traducción literaria
264 _a[Madrid, España] :
_bPublicaciones de la Universidad de Valencia (PUV),
_c2014
300 _a148 páginas
490 _aFora de Col·lecció
650 _aLiterature, Theory
700 _aClavería Nadal, Gloria
700 1 _a Huertas Martínez, Sheila
700 1 _a Julià Luna, Carolina
700 1 _a Poch Olivé, Dolors
856 _uhttps://public.digitaliapublishing.com/a/37238
942 _cCF
999 _c64037
_d64037